Κατάλογος Βιβλιοθηκών Mediterranean College

Συμπεριφορά του Καταναλωτή (Record no. 2341)

MARC details
000 -LEADER
fixed length control field 01532cam a22002054a 4500
005 - ΗΜΕΡΟΜΗΝΙΑ ΚΑΙ ΩΡΑ ΤΕΛΕΥΤΑΙΑΣ ΕΝΗΜΕΡΩΣΗΣ
Πεδίο ελέγχου 20250605164038.0
008 - FIXED-LENGTH DATA ELEMENTS--GENERAL INFORMATION
Πεδίο ελέγχου σταθερού μήκους 250528s ||||||||||||||||||||||||d
035 ## - SYSTEM CONTROL NUMBER
System control number 16891
020 ## - ISBN
ISBN 9602861274
040 ## - ΠΗΓΗ ΚΑΤΑΛΟΓΟΓΡΑΦΗΣΗΣ
Φορέας πρωτότυπης καταλογογράφησης MC Athens Campus Library
Γλώσσα καταλογογράφησης Ελληνικά, Μοντέρνα (1453-)
Modifying agency MC Athens Campus Library
Κανόνες περιγραφικής καταλογογράφησης AACR2
245 1# - ΤΙΤΛΟΣ ΚΑΙ ΔΗΛΩΣΗ ΥΠΕΥΘΥΝΟΤΗΤΑΣ
Τίτλος Συμπεριφορά του Καταναλωτή
260 ## - PUBLICATION, DISTRIBUTION, ETC.
Name of publisher, distributor, etc. Έλλην,
Date of publication, distribution, etc. 1995
300 ## - PHYSICAL DESCRIPTION
Extent 165
505 0# - FORMATTED CONTENTS NOTE
Formatted contents note Εισαγωγή, Μάρκετινγκ και Συμπεριφορά Καταναλωτή, Μοντέλα Αγοραστικής Συμπεριφοράς, Η Αγοραστική Συμπεριφορά του Τελικού Καταναλωτη, Διαδικασία της Απόφασης του Αγοραστή, Οργανωμένες Αγορές και η Συμπεριφορά του Οργανωμένου Αγοραστή, Μέτρηση της Ανταπόκρισης του Καταναλωτή.
520 ## - SUMMARY, ETC.
Summary, etc. Εισαγωγή, Μάρκετινγκ και Συμπεριφορά Καταναλωτή, Μοντέλα Αγοραστικής Συμπεριφοράς, Η Αγοραστική Συμπεριφορά του Τελικού Καταναλωτη, Διαδικασία της Απόφασης του Αγοραστή, Οργανωμένες Αγορές και η Συμπεριφορά του Οργανωμένου Αγοραστή, Μέτρηση της Ανταπόκρισης του Καταναλωτή.
700 1# - ΠΡΟΣΘΕΤΗ ΑΝΑΓΡΑΦΗ--ΦΥΣΙΚΟ ΠΡΟΣΩΠΟ
Personal name Εξαδάκτυλος Νικόλαος
9 (RLIN) 2983
942 ## - ADDED ENTRY ELEMENTS (KOHA)
Koha item type Books
Holdings
Τύπος τεκμηρίου Βιβλιοθήκη Τρέχουσα τοποθεσία Barcode Αριθμός εισαγωγής Ημερομηνία απόκτησης Ταξιθετικό σύμβολο Αριθμός αντιτύπου Κατάσταση απόσυρσης Κατάσταση χαμένου Κατάσταση κατεστραμμένου Μη δανεισμός Σύνολο δανεισμών Ημερομηνία τελευταίας εμφάνισης Η τιμή ισχύει από
Books MC Athens Campus Library MC Athens Campus Library 9780000023407 5547 05/06/2025 658.8342 EKS 1           05/06/2025 05/06/2025

MC Athens Campus Library
Πατησίων 94 & Κοδριγκτώνος 13, 104 34
Πελλήνης 8 & Πατησίων 107, 112 51
Τ: +30 210 8899600

MC Thessaloniki Campus Library
Ίωνος Δραγούμη 21, 54625 | Ίωνος Δραγούμη 15, 54625
Τ: +30 2310 287779 – Τ: +30 2314 440300